LEADER 00902nas a2200229 i 4500 001 000000077876 003 CaOOAMICUS 005 20160229000000.0 008 160229b1936 fr uu u0 0und r 013 $a50113 040 $aSeMil$bita 100 1 $aLallement, Daniel-Joseph <1895-1976>.$0(OLS)http://semarc/name/38241 245 10$aMater Misericordiae /$cpar D. Lallement. 260 $aJuvisy :$bLes Éditions du Cerf,$c1936. 300 $a142 p. :$b[5] p. di tav. ;$c21 cm. 773 0 $tCahiers de la Vierge.$dJuvisy : Les Éditions du Cerf, 1934-[1937?]$w()3198 774 0 $t[vedi periodico].$w()288690 850 $aSeMil 852 $aSeMil$W1$xVenegono$y1$m138 6 115$j43943$B43943$CSeMilBibl$Z2$F45472 $85 961 $aOmaggio: Altro 996 $6245$aMater Misericordiae$9(OLS)http://semarc/title/126367 996 $6260$aJuvisy :$bLes Éditions du Cerf$9(OLS)http://semarc/publisher/31163 LEADER 00987nam a2200265 i 4500 001 000000117216 003 CaOOAMICUS 005 20030722000000.0 008 030722s1980 it u000 u ita u 013 $a89905 020 $a88-215-0084-5 040 $aSeMil$bita 100 1 $aCarretto, Carlo,$d<1910-1988>.$0(OLS)http://semarc/name/8069 245 10$aBeata te che hai creduto /$cCarlo Carretto. 260 $aRoma :$bPaoline,$ccopyr. 1980. 300 $a142 p., [8] p. di tav. ;$c18 cm. 500 $aFondo Card. C.M. Martini. 650 4$aMadonna - Meditazioni.$0(OLS)http://semarc/subject/920 850 $aSeMil 852 $aSeMil$W1$xVenegono$y1$m2L I 63$j72616$B72616$CSeMilBibl$Z2$F97858 $81 941 1 $a4 961 $aOmaggio: Martini Card. Carlo Maria 996 $6020$a88-215-0084-5$9(OLS)http://semarc/number/101550 996 $6245$aBeata te che hai creduto$9(OLS)http://semarc/title/172061 996 $6260$aRoma :$bPaoline$9(OLS)http://semarc/publisher/29686